[Event "Schweizer Schachbund-Schachverband Wuer"]
[Site "?"]
[Date "2012.05.04"]
[Round "1.1"]
[White "Braeuning, Rudolf Wilhelm"]
[Black "Zueger, Beat"]
[Result "1/2-1/2"]
[WhiteElo "2392"]
[BlackElo "2413"]
[PlyCount "34"]
[EventDate "2012.??.??"]

1. e4 c5 2. c3 e6 3. d4 d5 4. exd5 exd5 5. Be3 c4 6. b3 cxb3 7. axb3 Nf6 8. Bd3
Bd6 9. h3 Nc6 10. Qf3 O-O 11. Nd2 Be6 12. Ne2 Ne7 13. Bg5 Ne8 14. O-O h6 15.
Be3 Ng6 16. Nf4 Nxf4 17. Bxf4 Qc7 1/2-1/2

[Event "Schweizer Schachbund-Schachverband Wuert"]
[Site "?"]
[Date "2012.05.04"]
[Round "1.2"]
[White "Moor, Roger"]
[Black "Strunski, Andreas"]
[Result "1/2-1/2"]
[WhiteElo "2369"]
[BlackElo "2328"]
[PlyCount "79"]
[EventDate "2012.??.??"]

1. c4 Nf6 2. g3 c6 3. Nf3 d5 4. Bg2 g6 5. Qa4 Nbd7 6. cxd5 Nb6 7. Qb3 cxd5 8.
O-O Bg7 9. d4 O-O 10. Bf4 Ne8 11. a4 h6 12. h4 Nd6 13. a5 Nbc4 14. Qb4 b6 15.
Bxd6 bxa5 16. Bxe7 axb4 17. Bxd8 Rxd8 18. b3 Nd6 19. e3 a5 20. Rc1 Bf5 21. Nbd2
Rdc8 22. Rxc8+ Nxc8 23. Ne5 Bxe5 24. Bxd5 Bxd4 25. exd4 Ra7 26. Nc4 Ne7 27. Bf3
Rd7 28. Re1 Be6 29. d5 Nxd5 30. Nxa5 Nf6 31. Re3 g5 32. hxg5 hxg5 33. Nc6 g4
34. Be2 Rc7 35. Nxb4 Nd5 36. Nxd5 Rc1+ 37. Kg2 Bxd5+ 38. f3 Rb1 39. Kf2 gxf3
40. Bxf3 1/2-1/2

[Event "Schweizer Schachbund-Schachverband Wuert"]
[Site "?"]
[Date "2012.05.04"]
[Round "1.3"]
[White "Krassowizkij, Jaroslaw"]
[Black "Ballmann, Martin"]
[Result "1/2-1/2"]
[WhiteElo "2378"]
[BlackElo "2384"]
[PlyCount "54"]
[EventDate "2012.??.??"]

1. c4 g6 2. g3 Bg7 3. Bg2 c5 4. Nc3 Nc6 5. Nf3 a6 6. O-O d6 7. a3 Rb8 8. b4
cxb4 9. axb4 Nxb4 10. d4 Nc6 11. Be3 Nh6 12. d5 Ng4 13. dxc6 Nxe3 14. fxe3 Bxc3
15. Rb1 b5 16. cxb5 axb5 17. Ng5 Bf6 18. Rxf6 exf6 19. Ne4 d5 20. Rc1 Rb6 21.
Qxd5 Qxd5 22. Nxf6+ Kf8 23. Nxd5 Ra6 24. Nc7 Rb6 25. Nd5 Ra6 26. Nc7 Rb6 27.
Nd5 Ra6 1/2-1/2

[Event "Schweizer Schachbund-Schachverband Wuert"]
[Site "?"]
[Date "2012.05.04"]
[Round "1.4"]
[White "Carron, Julien"]
[Black "Knoedler, Dieter"]
[Result "1-0"]
[WhiteElo "2372"]
[BlackElo "2343"]
[PlyCount "79"]
[EventDate "2012.??.??"]

1. d4 e6 2. c4 Nf6 3. g3 Bb4+ 4. Bd2 Qe7 5. Nf3 O-O 6. Bg2 Bxd2+ 7. Qxd2 d5 8.
O-O Rd8 9. Qc2 Nc6 10. Rd1 Bd7 11. a3 a5 12. b3 Ne4 13. Nc3 Nxc3 14. Qxc3 Be8
15. e3 f6 16. Ne1 Ra7 17. Nd3 Bf7 18. cxd5 exd5 19. Rdc1 Rd6 20. b4 axb4 21.
axb4 Rxa1 22. Rxa1 Nd8 23. b5 g5 24. Ra7 Rb6 25. Qc5 Qd7 26. Ra5 Kg7 27. Nb4
Rd6 28. Qc3 Rb6 29. Qc5 Rd6 30. Qc3 Rb6 31. Bf1 Rd6 32. Nd3 Be8 33. Nc5 Qe7 34.
Ra8 Bf7 35. Rb8 Rb6 36. Rc8 Rd6 37. Bh3 Rb6 38. Qa5 Ne6 39. Bxe6 Bxe6 40. Rxc7
1-0

[Event "Schweizer Schachbund-Schachverband Wuert"]
[Site "?"]
[Date "2012.05.04"]
[Round "1.5"]
[White "Jurek, Josef"]
[Black "Moor, Olivier"]
[Result "0-1"]
[WhiteElo "2344"]
[BlackElo "2371"]
[PlyCount "78"]
[EventDate "2012.??.??"]

1. Nf3 d5 2. d4 Nf6 3. c4 e6 4. Nc3 Nbd7 5. Bg5 Bb4 6. e3 c5 7. cxd5 exd5 8.
Bxf6 Nxf6 9. Bb5+ Bd7 10. Bxd7+ Qxd7 11. O-O O-O 12. Qb3 Bxc3 13. bxc3 Rac8 14.
a4 Rc7 15. a5 Ne4 16. Rfd1 c4 17. Qc2 Re8 18. Re1 Qd8 19. Nd2 Nd6 20. Qa4 h5
21. h3 Re6 22. Qd1 Qg5 23. Qf3 Rf6 24. h4 Qxh4 25. Qe2 Re7 26. f3 Rfe6 27. Qf2
Qg5 28. Nf1 h4 29. Qb2 Rf6 30. Qb4 Qg6 31. Kh2 h3 32. Ra2 hxg2 33. Rxg2 Qh5+
34. Kg1 Qxf3 35. Qc5 Ree6 36. Nd2 Qh5 37. e4 Rh6 38. e5 Qh1+ 39. Kf2 Rhf6+ 0-1

[Event "Schweizer Schachbund-Schachverband Wuert"]
[Site "?"]
[Date "2012.05.04"]
[Round "1.6"]
[White "Rosenthal, Jonathan"]
[Black "Heidenfeld, Mark"]
[Result "1/2-1/2"]
[WhiteElo "2325"]
[BlackElo "2368"]
[PlyCount "136"]
[EventDate "2012.??.??"]

1. d4 e6 2. c4 f5 3. g3 Nf6 4. Bg2 Be7 5. Nf3 O-O 6. O-O c6 7. Nc3 d5 8. Qc2
Bd7 9. Bf4 h6 10. Rfc1 g5 11. Be5 Be8 12. Na4 Nfd7 13. Qb3 b5 14. cxb5 cxb5 15.
Bc7 Qc8 16. Bd6 Qa6 17. Bxe7 bxa4 18. Qc2 Rf7 19. Ba3 Nb6 20. Ne5 Rg7 21. e3
Bb5 22. Qd1 N8d7 23. Qh5 Nxe5 24. dxe5 Kh7 25. Qd1 Nc4 26. Qd4 Rc8 27. Rc3 Rgc7
28. Rac1 Rc6 29. Be7 Qb6 30. Qxb6 axb6 31. Bf1 Nxb2 32. Rxc6 Rxc6 33. Rxc6 Bxc6
34. Ba3 Nc4 35. Bxc4 dxc4 36. Bb4 Bf3 37. Kf1 Kg6 38. a3 f4 39. exf4 gxf4 40.
Ke1 Kf5 41. Kd2 Kxe5 42. Kc3 b5 43. Bf8 h5 44. Bh6 Ke4 45. gxf4 Bg4 46. h4 Bf5
47. Bg5 Kf3 48. Bh6 Kxf2 49. Bg5 Ke3 50. Bh6 Ke4 51. Bg5 Bg6 52. Bh6 Be8 53.
Bg5 Bc6 54. Bh6 Bb7 55. Bg5 Ba6 56. Bh6 b4+ 57. Kxb4 Kd3 58. Bg7 Bb7 59. Bf6
Bf3 60. Bg7 Bd1 61. Bf6 Bb3 62. Bg7 Ke4 63. Bh6 Kd4 64. Bg7+ Kd3 65. Bf6 c3 66.
Bxc3 Ke3 67. Kc5 Kxf4 68. Kd6 Kf5 1/2-1/2

[Event "Schweizer Schachbund-Schachverband Wuert"]
[Site "?"]
[Date "2012.05.04"]
[Round "1.7"]
[White "Gheng, Josef"]
[Black "Grandadam, Nicolas"]
[Result "1/2-1/2"]
[WhiteElo "2361"]
[BlackElo "2308"]
[PlyCount "140"]
[EventDate "2012.??.??"]

1. c4 e6 2. Nf3 d5 3. g3 Nf6 4. Bg2 dxc4 5. Qa4+ Nbd7 6. O-O c5 7. Qxc4 b6 8.
Nc3 Bb7 9. d4 Rc8 10. Rd1 a6 11. dxc5 Bxc5 12. Qd3 O-O 13. Bf4 b5 14. h3 Qb6
15. e3 Rfd8 16. Qe2 Bb4 17. Nb1 h6 18. g4 Be4 19. Nbd2 Rc2 20. a3 Be7 21. Rac1
Rdc8 22. Qe1 Bb7 23. b4 Bd5 24. Nd4 Rxc1 25. Rxc1 Rxc1 26. Qxc1 Bxg2 27. Kxg2
e5 28. Nf5 Bf8 29. Bh2 Qb7+ 30. f3 Qd5 31. Qc2 g6 32. e4 Qa8 33. Ne3 a5 34. Qb2
axb4 35. axb4 Qa4 36. Nc2 Bd6 37. Bg1 Kg7 38. Nb1 Qa6 39. Qa3 Qc6 40. Qc3 Nb8
41. Be3 Qxc3 42. Nxc3 Nc6 43. Nxb5 Bxb4 44. Nxb4 Nxb4 45. Kf2 Nc6 46. Ke2 Nd8
47. Nd6 Ne6 48. h4 h5 49. g5 Nd7 50. Bc1 f6 51. gxf6+ Kxf6 52. Nc4 g5 53. hxg5+
Nxg5 54. Kf2 Nc5 55. Ke3 Nf7 56. Bb2 Ke6 57. Ba3 Nb3 58. Kf2 Nd4 59. Bb2 Nb5
60. Kg3 Nbd6 61. Nxd6 Nxd6 62. Kh4 Nc4 63. Bc1 Nd6 64. Kxh5 Nc4 65. Kg4 Nd6 66.
Be3 Nc4 67. Bc5 Na5 68. Kg3 Nb7 69. Bb4 Nd8 70. Kf2 Nf7 1/2-1/2

[Event "Schweizer Schachbund-Schachverband Wuert"]
[Site "?"]
[Date "2012.05.04"]
[Round "1.8"]
[White "Wirthensohn, Heinz"]
[Black "Werner, Marc"]
[Result "1-0"]
[WhiteElo "2336"]
[BlackElo "2340"]
[PlyCount "89"]
[EventDate "2012.??.??"]

1. d4 d5 2. Nf3 Nf6 3. Bf4 c6 4. e3 Bf5 5. c4 e6 6. Nc3 Qb6 7. Qb3 Qxb3 8. axb3
Nbd7 9. c5 a6 10. b4 Rc8 11. h3 h6 12. Nd2 g5 13. Bh2 Be7 14. Nb3 Bd8 15. Be2
Rh7 16. Na5 Bxa5 17. bxa5 Kd8 18. g4 Bg6 19. h4 Rg7 20. hxg5 hxg5 21. Bg3 Rh7
22. Kd2 Rxh1 23. Rxh1 Ne8 24. Rh8 Ke7 25. f3 Kf6 26. Rh1 Kg7 27. b4 Nef6 28.
Nd1 Rh8 29. Rxh8 Kxh8 30. Nf2 Ne8 31. Nh3 f6 32. f4 gxf4 33. Nxf4 Bf7 34. Bd3
Kg7 35. e4 Kf8 36. exd5 exd5 37. Ng6+ Bxg6 38. Bxg6 Ke7 39. Ke3 Ng7 40. Bd6+
Kd8 41. Bf7 Ne8 42. Bxe8 Kxe8 43. Kf4 Nf8 44. Kf5 Nh7 45. Kg6 1-0

[Event "Schweizer Schachbund-Schachverband Wuert"]
[Site "?"]
[Date "2012.05.04"]
[Round "1.9"]
[White "Neyman, Igor"]
[Black "Huss, Andreas"]
[Result "1/2-1/2"]
[WhiteElo "2306"]
[BlackElo "2310"]
[PlyCount "58"]
[EventDate "2012.??.??"]

1. d4 e6 2. c4 Nf6 3. Nc3 Bb4 4. e3 b6 5. Nge2 Ba6 6. a3 Bxc3+ 7. Nxc3 d5 8. b3
O-O 9. Be2 Nc6 10. a4 Na5 11. Ba3 Re8 12. O-O c6 13. Rb1 Qc8 14. Qc2 dxc4 15.
b4 Nb3 16. b5 cxb5 17. Nxb5 Bxb5 18. axb5 Na5 19. Bb4 Nd5 20. Bxa5 bxa5 21.
Bxc4 Nb6 22. Rfc1 Re7 23. Bd3 Qxc2 24. Rxc2 Rd8 25. f4 f6 26. Be4 e5 27. dxe5
fxe5 28. f5 Red7 29. Rbb2 a4 1/2-1/2

[Event "Schweizer Schachbund-Schachverband Wuert"]
[Site "?"]
[Date "2012.05.04"]
[Round "1.10"]
[White "Colmenares, Aurelio"]
[Black "Kvetny, Mark"]
[Result "0-1"]
[WhiteElo "2283"]
[BlackElo "2155"]
[PlyCount "88"]
[EventDate "2012.??.??"]

1. e4 c5 2. Nf3 d6 3. d4 cxd4 4. Nxd4 Nf6 5. Nc3 a6 6. Bg5 Nbd7 7. f4 Qc7 8.
Qf3 h6 9. Bh4 g5 10. fxg5 hxg5 11. Bxg5 Qc5 12. Qe3 Ng4 13. Qd2 Bg7 14. Nf5
Bxc3 15. bxc3 f6 16. Be3 Nxe3 17. Qxe3 Qxe3+ 18. Nxe3 Nc5 19. Bd3 Bd7 20. Nd5
Rc8 21. c4 Bc6 22. Kd2 b5 23. cxb5 Bxd5 24. exd5 Nxd3 25. cxd3 axb5 26. Rab1
Ra8 27. Rxb5 Rxa2+ 28. Ke3 Rh5 29. Kf3 Rf5+ 30. Ke4 Re5+ 31. Kf3 Rd2 32. h4
Rxd3+ 33. Kf2 Rdxd5 34. Rb8+ Kf7 35. g4 Rd4 36. h5 Rxg4 37. h6 Rg8 38. Rb7 Rh8
39. Rb4 Rh7 40. Kf3 Rg5 41. Ke3 Rg6 42. Rbh4 e5 43. R1h2 Ke6 44. R2h3 f5 0-1

[Event "Schweizer Schachbund-Schachverband Wuert"]
[Site "?"]
[Date "2012.05.04"]
[Round "1.11"]
[White "Schnepp, Gunnar"]
[Black "Gaehwiler, Gabriel"]
[Result "0-1"]
[WhiteElo "2308"]
[BlackElo "2280"]
[PlyCount "54"]
[EventDate "2012.??.??"]

1. d4 Nf6 2. c4 g6 3. Nc3 Bg7 4. e4 d6 5. Be2 O-O 6. Nf3 e5 7. O-O Nc6 8. d5
Ne7 9. Nd2 a5 10. Rb1 Nd7 11. a3 Bh6 12. b4 axb4 13. axb4 f5 14. f3 Be3+ 15.
Kh1 f4 16. c5 dxc5 17. Qb3 Kg7 18. Nc4 Bd4 19. Bb2 c6 20. d6 Ng8 21. b5 Ngf6
22. Na4 Nh5 23. Bxd4 Ng3+ 24. hxg3 fxg3 25. Kg1 Qh4 26. Rfd1 cxd4 27. Bd3 Rxf3
0-1

[Event "Schweizer Schachbund-Schachverband Wuert"]
[Site "?"]
[Date "2012.05.04"]
[Round "1.12"]
[White "Schaerer, Julian"]
[Black "Lorscheid, Gerhard"]
[Result "0-1"]
[WhiteElo "2264"]
[BlackElo "2265"]
[PlyCount "108"]
[EventDate "2012.??.??"]

1. e4 d6 2. d4 Nf6 3. Nc3 e5 4. dxe5 dxe5 5. Qxd8+ Kxd8 6. Bc4 Ke8 7. Nge2 c6
8. Bg5 Nbd7 9. a4 h6 10. Be3 Bc5 11. Bxc5 Nxc5 12. f3 a5 13. Kf2 Ke7 14. Rhd1
Nfd7 15. Nc1 Nb6 16. Bf1 Be6 17. Nd3 Nxd3+ 18. Bxd3 Rhd8 19. Bf1 Rxd1 20. Rxd1
Rd8 21. Rxd8 Kxd8 22. Ke3 Ke7 23. Kd2 Kd6 24. b3 Kc5 25. Ne2 Nd7 26. Nc1 Kb4
27. Nd3+ Ka3 28. Kc3 f6 29. Nb2 Nb6 30. Nd3 Nd7 31. Nb2 Nc5 32. Bd3 Bf7 33. h4
b5 34. Bxb5 cxb5 35. axb5 Nb7 36. b6 Be6 37. h5 Ka2 38. Nd3 Kb1 39. f4 exf4 40.
Nxf4 Bg4 41. Nd3 Bd1 42. Ne1 Bxh5 43. Kd4 Bf7 44. c4 Ka2 45. Nd3 Ka3 46. Nc5
Nd8 47. b7 Nc6+ 48. Kc3 Nb8 49. Kd4 Kb4 50. Nd3+ Kxb3 51. Kc5 Bxc4 52. Nc1+ Kc3
53. Kb6 a4 54. Ka7 Nd7 0-1

[Event "Badischer Schachverband-Bayerischer Sch"]
[Site "?"]
[Date "2012.05.04"]
[Round "1.1"]
[White "Bayer, Bernhard"]
[Black "Heimann, Andreas"]
[Result "0-1"]
[WhiteElo "2438"]
[BlackElo "2480"]
[PlyCount "118"]
[EventDate "2012.??.??"]

1. Nf3 Nf6 2. c4 g6 3. g3 Bg7 4. Bg2 d5 5. cxd5 Nxd5 6. d4 Nb6 7. Nc3 Nc6 8. e3
O-O 9. O-O Re8 10. d5 Na5 11. Nd4 Bd7 12. b3 Rc8 13. Bb2 c6 14. e4 cxd5 15.
exd5 Nbc4 16. bxc4 Qb6 17. Ncb5 Nxc4 18. Bc3 a6 19. Ne6 fxe6 20. Bxg7 Kxg7 21.
Nd4 e5 22. Nf3 Bg4 23. Rb1 Qf6 24. h3 Bxf3 25. Bxf3 Nd6 26. Rb6 Rc3 27. Bg2 Rf8
28. Qe1 Rc2 29. a4 Ra2 30. a5 Rf7 31. h4 Qf5 32. Rb3 e4 33. Qc3+ Qf6 34. Qc5
Rf8 35. Bh3 Rd2 36. Be6 Qd4 37. Qxd4+ Rxd4 38. Rc3 Rf3 39. Rc7 Kf6 40. g4 h6
41. g5+ hxg5 42. hxg5+ Kxg5 43. Rxe7 Rb4 44. Rd7 Nf5 45. Rh7 e3 46. Rh2 Rg4+
47. Rg2 Rxg2+ 48. Kxg2 Rxf2+ 49. Rxf2 exf2 50. Kxf2 Kf6 51. Kg2 Ke5 52. Kh3 Kf4
53. Bc8 Nd6 54. Be6 Nc4 55. Bc8 Nd6 56. Be6 Ke5 57. Kg4 Nc4 58. Kg5 Nxa5 59.
Kxg6 Nc4 0-1

[Event "Badischer Schachverband-Bayerischer Sch"]
[Site "?"]
[Date "2012.05.04"]
[Round "1.2"]
[White "Gschnitzer, Oswald"]
[Black "Fedorovsky, Michael"]
[Result "1/2-1/2"]
[WhiteElo "2481"]
[BlackElo "2395"]
[PlyCount "51"]
[EventDate "2012.??.??"]

1. Nf3 d5 2. c4 e6 3. d4 Nf6 4. Nc3 Be7 5. Bg5 O-O 6. e3 Nbd7 7. Rc1 c6 8. Bd3
dxc4 9. Bxc4 Nd5 10. Bxe7 Qxe7 11. Ne4 e5 12. Ng3 Qb4+ 13. Qd2 Qxd2+ 14. Kxd2
exd4 15. Nxd4 N7f6 16. f3 Rd8 17. Ke2 c5 18. Bxd5 cxd4 19. Bb3 dxe3 20. Kxe3
Nd5+ 21. Kf2 Be6 22. Rhd1 Kf8 23. Rd4 Nf6 24. Rxd8+ Rxd8 25. Bxe6 fxe6 26. Rc2
1/2-1/2

[Event "Badischer Schachverband-Bayerischer Sch"]
[Site "?"]
[Date "2012.05.04"]
[Round "1.3"]
[White "Koepke, Christian"]
[Black "Beikert, Guenther"]
[Result "0-1"]
[WhiteElo "2398"]
[BlackElo "2436"]
[PlyCount "94"]
[EventDate "2012.??.??"]

1. e4 e5 2. f4 Bc5 3. Nf3 d6 4. c3 Bb6 5. Na3 Nf6 6. fxe5 dxe5 7. Nc4 O-O 8. d3
Nbd7 9. Be2 Re8 10. Nxb6 axb6 11. O-O Nf8 12. Bg5 h6 13. Bxf6 Qxf6 14. Nd4 Qd6
15. Nf5 Bxf5 16. Rxf5 Ne6 17. g3 g6 18. Rf1 Kg7 19. Qc2 Rf8 20. a3 Rad8 21.
Rad1 Qe7 22. Bg4 h5 23. Bxe6 Qxe6 24. d4 h4 25. d5 Qg4 26. Kg2 Rh8 27. Rf3 hxg3
28. Rxg3 Qf4 29. Re1 Rh4 30. Ree3 Rdh8 31. h3 R8h5 32. Qf2 Qxf2+ 33. Kxf2 Rf4+
34. Rgf3 Rhh4 35. Rxf4 exf4 36. Rf3 Kf6 37. Ke2 Ke5 38. Kd3 b5 39. b3 Rh8 40.
c4 bxc4+ 41. bxc4 Ra8 42. Ke2 Kxe4 43. Rd3 b6 44. d6 cxd6 45. Rxd6 Rxa3 46. Rd7
Rxh3 47. Rxf7 g5 0-1

[Event "Badischer Schachverband-Bayerischer Sch"]
[Site "?"]
[Date "2012.05.04"]
[Round "1.4"]
[White "Pfrommer, Christoph"]
[Black "Graf, Felix"]
[Result "0-1"]
[WhiteElo "2367"]
[BlackElo "2378"]
[PlyCount "116"]
[EventDate "2012.??.??"]

1. Nf3 d5 2. g3 c6 3. Bg2 Nf6 4. c4 Bg4 5. Ne5 Be6 6. cxd5 Bxd5 7. Nf3 c5 8.
Nc3 Bc6 9. O-O e6 10. d3 Be7 11. e4 O-O 12. Qe2 b5 13. a4 b4 14. Nb1 Bb7 15.
Nbd2 Nc6 16. Nc4 Nd7 17. Bf4 Ba6 18. Rfd1 Nd4 19. Nxd4 cxd4 20. e5 Rc8 21. Rac1
Nc5 22. Nd6 Bxd6 23. exd6 Nb3 24. Rc7 Rxc7 25. dxc7 Qe7 26. Qe5 Rc8 27. Qd6
Qxd6 28. Bxd6 f6 29. Bc6 Nc5 30. Bxc5 Rxc7 31. Bxd4 Rxc6 32. Bxa7 Rc2 33. f3
Rxb2 34. Bd4 Rb3 35. Rd2 Ra3 36. Bc5 Ra1+ 37. Kf2 b3 38. Rb2 Ra2 39. Bd4 Bxd3
40. Ke3 Bc4 41. Rxa2 bxa2 42. f4 Kf7 43. g4 g5 44. fxg5 fxg5 45. a5 Ke7 46. Ke4
Kd6 47. Be5+ Kc5 48. Bd4+ Kd6 49. Be5+ Kd7 50. Bb2 Be2 51. Ke5 Ke7 52. Bd4 Bxg4
53. a6 Bf3 54. a7 Kf7 55. Kd6 h5 56. Ke5 h4 57. Bc3 Bb7 58. Bd4 Bd5 0-1

[Event "Badischer Schachverband-Bayerischer Sch"]
[Site "?"]
[Date "2012.05.04"]
[Round "1.5"]
[White "Lammers, Markus"]
[Black "Werner, Clemens"]
[Result "1-0"]
[WhiteElo "2384"]
[BlackElo "2322"]
[PlyCount "49"]
[EventDate "2012.??.??"]

1. Nf3 g6 2. d4 Nf6 3. c4 Bg7 4. g3 c5 5. Nc3 cxd4 6. Nxd4 d5 7. cxd5 Nxd5 8.
Bg2 Nxc3 9. bxc3 O-O 10. O-O Qa5 11. Qb3 Nc6 12. Rd1 Rd8 13. Be3 Bg4 14. Qxb7
Nxd4 15. cxd4 Rab8 16. Qxe7 Re8 17. Qg5 Qxg5 18. Bxg5 Rxe2 19. h3 Be6 20. d5
Bxa1 21. dxe6 f6 22. Be3 Bc3 23. Rd7 a5 24. Bd5 Re8 25. Rd8 1-0

[Event "Badischer Schachverband-Bayerischer Sch"]
[Site "?"]
[Date "2012.05.04"]
[Round "1.6"]
[White "Rosner, Jonas"]
[Black "Grimberg, Boris"]
[Result "1/2-1/2"]
[WhiteElo "2285"]
[BlackElo "2357"]
[PlyCount "94"]
[EventDate "2012.??.??"]

1. e4 g6 2. d4 Bg7 3. Nc3 d6 4. f4 a6 5. Nf3 Nd7 6. Bd3 c5 7. Be3 cxd4 8. Nxd4
Ngf6 9. O-O O-O 10. h3 Nc5 11. b4 Nxd3 12. cxd3 b6 13. Qd2 Bb7 14. Rac1 e5 15.
Nf3 Nh5 16. Kh2 exf4 17. Bxf4 Nxf4 18. Qxf4 f5 19. Qe3 Re8 20. Qd2 Qd7 21. exf5
Qxf5 22. Ne4 Qd7 23. Nfg5 Rf8 24. Qe3 h6 25. Rxf8+ Rxf8 26. Nf3 Qd8 27. Kg1 d5
28. Ned2 Qd6 29. Nb3 Rf7 30. Qe8+ Rf8 31. Qe3 Kh7 32. Nbd4 Rc8 33. a3 a5 34.
Rxc8 Bxc8 35. Qd2 axb4 36. Qxb4 Qc7 37. Qb2 Ba6 38. Qd2 Qc5 39. Qe3 Qxa3 40.
Ne6 Qd6 41. Neg5+ hxg5 42. Nxg5+ Kg8 43. Qe8+ Qf8 44. Qe6+ Kh8 45. Nf7+ Kh7 46.
Ng5+ Kh6 47. Nf7+ Kh7 1/2-1/2

[Event "Badischer Schachverband-Bayerischer Sch"]
[Site "?"]
[Date "2012.05.04"]
[Round "1.7"]
[White "Deglmann, Ludwig"]
[Black "Vatter, Hans-Joachim"]
[Result "1/2-1/2"]
[WhiteElo "2312"]
[BlackElo "2309"]
[PlyCount "42"]
[EventDate "2012.??.??"]

1. d4 Nf6 2. c4 e6 3. Nc3 Bb4 4. e3 c5 5. Nge2 b6 6. a3 Bxc3+ 7. Nxc3 O-O 8. d5
d6 9. Bd3 exd5 10. cxd5 Ba6 11. Bxa6 Nxa6 12. Qd3 Nc7 13. e4 Nd7 14. Bf4 Qe7
15. Qg3 Ne5 16. Bxe5 dxe5 17. O-O Qd6 18. Rad1 a6 19. Qe3 Rfe8 20. Rd2 f6 21.
Rc1 Nb5 1/2-1/2

[Event "Badischer Schachverband-Bayerischer Sch"]
[Site "?"]
[Date "2012.05.04"]
[Round "1.8"]
[White "Lutz, Bernhard"]
[Black "Lentrodt, Thomas"]
[Result "1/2-1/2"]
[WhiteElo "2325"]
[BlackElo "2332"]
[PlyCount "198"]
[EventDate "2012.??.??"]

1. d4 Nf6 2. c4 e6 3. Nf3 d5 4. Bg5 h6 5. Bxf6 Qxf6 6. Nc3 c6 7. e3 Nd7 8. Bd3
Bb4 9. O-O O-O 10. Qb3 Ba5 11. Rac1 dxc4 12. Qxc4 e5 13. d5 Bxc3 14. Rxc3 cxd5
15. Qxd5 Nb6 16. Qxe5 Qxe5 17. Nxe5 Be6 18. Rc7 Rab8 19. Be4 Bxa2 20. Bxb7 Nd5
21. Bxd5 Bxd5 22. Rfc1 Rxb2 23. Rxa7 Re8 24. Nd3 Rd2 25. Nf4 Bb3 26. h3 Rd1+
27. Rxd1 Bxd1 28. Kh2 Bb3 29. Kg3 Rd8 30. Ne2 Rb8 31. Nd4 Rb6 32. Ra8+ Kh7 33.
Rd8 Ba2 34. f3 Rg6+ 35. Kf2 Rb6 36. Rc8 Bb3 37. Rc7 Ba2 38. e4 Rb4 39. Ke3 Rb6
40. Rc2 Ra6 41. Rc3 Ra4 42. f4 Bb1 43. e5 Ba2 44. g4 Bd5 45. f5 Ra1 46. Rc5
Ra3+ 47. Kf4 Ba2 48. e6 fxe6 49. fxe6 Rd3 50. e7 Rxd4+ 51. Ke3 Rd1 52. Ke2 Rd6
53. e8=Q Re6+ 54. Qxe6 Bxe6 55. Rc6 Bd7 56. Rd6 Bc8 57. Rd5 Kg6 58. Ke3 Kf6 59.
Kf4 Be6 60. Rb5 Bc4 61. Rb6+ Kf7 62. Ke5 Be2 63. Kf5 Bd3+ 64. Kf4 Bc2 65. h4
Bd3 66. Rb7+ Kf6 67. Rb6+ Kf7 68. h5 Bc2 69. Ke5 Bd1 70. Rb7+ Kg8 71. Kf5 Bc2+
72. Ke6 Bd1 73. Rb8+ Kh7 74. Rb4 Kg8 75. Ke7 Be2 76. Rf4 Bd1 77. Rd4 Be2 78.
Rb4 Bd1 79. Ke6 Be2 80. Rd4 Bf3 81. Kf5 Kh7 82. Rd6 Be2 83. g5 hxg5 84. Kxg5
Bf3 85. Re6 Bd1 86. Re7 Kg8 87. Rc7 Be2 88. Rd7 Bf3 89. Rd2 Kh7 90. Rd4 Bc6 91.
Rd6 Bf3 92. h6 gxh6+ 93. Rxh6+ Kg7 94. Ra6 Bd5 95. Ra7+ Kh8 96. Kg6 Be6 97. Kh6
Bd5 98. Rd7 Be6 99. Rd8+ Bg8 1/2-1/2

[Event "Badischer Schachverband-Bayerischer Sch"]
[Site "?"]
[Date "2012.05.04"]
[Round "1.9"]
[White "Levushkina, Elena"]
[Black "Tiemann, Christoph"]
[Result "1/2-1/2"]
[WhiteElo "2310"]
[BlackElo "2274"]
[PlyCount "96"]
[EventDate "2012.??.??"]

1. e4 c5 2. c3 Nf6 3. e5 Nd5 4. Nf3 Nc6 5. d4 cxd4 6. cxd4 d6 7. Bc4 dxe5 8.
Nxe5 Nxe5 9. dxe5 e6 10. O-O Nb6 11. Bd3 Bd7 12. Nc3 Bc6 13. Qe2 Qh4 14. Nb5
Nd5 15. Bc4 a6 16. Nd6+ Bxd6 17. exd6 O-O 18. f4 Rad8 19. f5 exf5 20. Bxd5 Bxd5
21. Bf4 Rfe8 22. Qd2 Bc4 23. Rfe1 Rxe1+ 24. Rxe1 h6 25. Bg3 Qf6 26. Be5 Qg5 27.
Qd4 Be6 28. Bg3 Rd7 29. b3 Qg4 30. Qe5 Kh7 31. Rc1 Qe4 32. Re1 Qxe5 33. Bxe5 g5
34. Rd1 Kg6 35. Kf2 f4 36. Bc3 Bf5 37. Ba5 Be4 38. Bc7 f5 39. Rd4 Kf6 40. Rc4
Ke6 41. Rc5 h5 42. Rc3 h4 43. Rc1 g4 44. Re1 g3+ 45. Kg1 gxh2+ 46. Kxh2 Rg7 47.
Re2 Kd7 48. Rf2 Rg3 1/2-1/2

[Event "Badischer Schachverband-Bayerischer Sch"]
[Site "?"]
[Date "2012.05.04"]
[Round "1.10"]
[White "Fiderer, Lukas"]
[Black "Baldauf, Marco"]
[Result "0-1"]
[WhiteElo "2223"]
[BlackElo "2374"]
[PlyCount "120"]
[EventDate "2012.??.??"]

1. e4 e5 2. Nf3 Nc6 3. Bb5 Nf6 4. O-O Nxe4 5. d4 Nd6 6. Bxc6 dxc6 7. dxe5 Nf5
8. Qxd8+ Kxd8 9. h3 Ne7 10. Nc3 h6 11. Rd1+ Ke8 12. Bf4 Ng6 13. Bh2 Be7 14. Nd4
Nf8 15. a3 Bd7 16. Rd2 Rd8 17. Rad1 h5 18. Ne4 c5 19. Ne2 Ne6 20. N4c3 Bc6 21.
Nd5 h4 22. Nef4 Rd7 23. Nxe6 fxe6 24. Nxe7 Rxd2 25. Rxd2 Kxe7 26. f3 Rh5 27.
Kf2 a5 28. Ke3 Rf5 29. Rf2 a4 30. g4 hxg3 31. Bxg3 Bd5 32. Bf4 Kd7 33. Rg2 Rf7
34. h4 b5 35. Rg3 b4 36. h5 Kc6 37. Bg5 Kb5 38. f4 Kc4 39. Kd2 Be4 40. b3+ Kb5
41. bxa4+ Kxa4 42. axb4 cxb4 43. Kc1 c5 44. Re3 Bf5 45. Re1 Kb5 46. Rd1 Ra7 47.
Kb2 Ra3 48. Rd8 Rc3 49. Rd2 Rh3 50. Be7 Rxh5 51. c3 Kc4 52. cxb4 cxb4 53. Rd7
Rh2+ 54. Kc1 Rc2+ 55. Kd1 Rf2 56. Rc7+ Kb3 57. Bc5 Rc2 58. Bd6 Rxc7 59. Bxc7
Ka2 60. Bb6 b3 0-1

[Event "Badischer Schachverband-Bayerischer Sch"]
[Site "?"]
[Date "2012.05.04"]
[Round "1.11"]
[White "Moufang, Rainer"]
[Black "Petermann, Michail"]
[Result "1-0"]
[WhiteElo "2281"]
[BlackElo "2203"]
[PlyCount "99"]
[EventDate "2012.??.??"]

1. d4 d5 2. c4 e6 3. Nc3 c5 4. e3 cxd4 5. exd4 dxc4 6. Bxc4 Nf6 7. Nf3 Be7 8.
O-O O-O 9. Qe2 a6 10. Bg5 Nc6 11. Rad1 Nb4 12. d5 Nbxd5 13. Bxd5 exd5 14. Rfe1
Be6 15. Nd4 Qd7 16. Nxe6 fxe6 17. Qxe6+ Qxe6 18. Rxe6 Rfe8 19. Be3 Rad8 20. Re5
Kf7 21. Nxd5 Rd7 22. Rd2 Bb4 23. Rxe8 Nxd5 24. Re4 Bxd2 25. Bxd2 Rc7 26. Rd4
Ke6 27. Re4+ Kf5 28. f3 Rc2 29. g4+ Kf6 30. Rd4 Ke5 31. Re4+ Kf6 32. Rd4 Ke5
33. Re4+ Kd6 34. Bb4+ Kd7 35. Ba3 b5 36. Bf8 Rxb2 37. a3 g6 38. h4 Rc2 39. h5
gxh5 40. gxh5 Nb6 41. Re7+ Kc6 42. Rxh7 Kd5 43. h6 Rc8 44. Rf7 Ke6 45. Rf4 Rc7
46. Bg7 Nd5 47. Rg4 Rc8 48. h7 Nf6 49. Bxf6 Kxf6 50. Rg8 1-0

[Event "Badischer Schachverband-Bayerischer Sch"]
[Site "?"]
[Date "2012.05.04"]
[Round "1.12"]
[White "Maehrlein, Christoph"]
[Black "Miller, Eduard"]
[Result "0-1"]
[WhiteElo "2134"]
[BlackElo "2137"]
[PlyCount "100"]
[EventDate "2012.??.??"]

1. d4 Nf6 2. c4 c5 3. d5 b5 4. cxb5 a6 5. bxa6 g6 6. Nc3 Bxa6 7. g3 d6 8. Bg2
Bg7 9. Nf3 Nfd7 10. Bd2 Nb6 11. b3 Bb7 12. e4 Ba6 13. Bf1 O-O 14. a4 e6 15.
Bxa6 Nxa6 16. dxe6 fxe6 17. O-O Nb4 18. Rc1 Qf6 19. Kg2 d5 20. exd5 exd5 21.
Nb5 Nd3 22. Rc2 Qf5 23. Bc3 d4 24. Nd6 Qxf3+ 25. Qxf3 Rxf3 26. Kxf3 dxc3 27.
Ne4 Nd5 28. Rd1 N5b4 29. Rxc3 Bxc3 30. Nxc3 Rf8+ 31. Ke3 Nxf2 32. Rd6 Ng4+ 33.
Ke4 Re8+ 34. Kf4 Nf2 35. h4 Nfd3+ 36. Kf3 Nc1 37. Ne4 Rf8+ 38. Kg2 Nxb3 39. g4
Rf4 40. Nf6+ Kf7 41. g5 Rxh4 42. Kg3 Rd4 43. Rb6 Nd2 44. Nxh7 Ne4+ 45. Kg2 Nd5
46. Rb7+ Ke6 47. Nf8+ Kf5 48. Rf7+ Kg4 49. Ne6 Ne3+ 50. Kg1 Rd1+ 0-1

[Event "Schachverband Wuerttemberg-Bayerischer S"]
[Site "?"]
[Date "2012.05.05"]
[Round "2.1"]
[White "Bayer, Bernhard"]
[Black "Braeuning, Rudolf Wilhelm"]
[Result "1/2-1/2"]
[WhiteElo "2438"]
[BlackElo "2392"]
[PlyCount "30"]
[EventDate "2012.??.??"]

1. d4 d5 2. Nf3 Nc6 3. Bf4 Bg4 4. e3 e6 5. Nbd2 Bd6 6. Bxd6 cxd6 7. c3 f5 8.
Qb3 Qd7 9. c4 Nf6 10. cxd5 exd5 11. Bd3 O-O 12. O-O Rae8 13. Rac1 Rc8 14. h3
Bh5 15. Bb5 a6 1/2-1/2